[Event "Campeonato España Sub 14"]
[Site "Salobreña"]
[Date "2017.07.18"]
[Round "3"]
[White "Garcia Gimenez, Santiago"]
[Black "Blesa Fernandez, Ignacio"]
[Result "1/2-1/2"]
[Board "6"]
[WhiteClock "1:30"]
[WhiteElo "2064"]
[WhiteCountry "ESP"]
[WhiteFideId "32063350"]
[WhiteEloChange "-6"]
[BlackClock "1:30"]
[BlackElo "1814"]
[BlackCountry "ESP"]
[BlackFideId "32061943"]
[BlackEloChange "6"]

1. e4 {[%clk 1:30:00]} c5 {[%clk 1:30:00]} 2. Nf3 {[%clk 1:31:00]} e6 {[%clk
1:30:00]} 3. d4 {[%clk 1:31:00]} cxd4 {[%clk 1:30:00]} 4. Nxd4 {[%clk 1:31:00]}
a6 {[%clk 1:29:00]} 5. Nc3 {[%clk 1:32:00]} b5 {[%clk 1:28:00]} 6. a3 {[%clk
1:31:00]} Bb7 {[%clk 1:27:00]} 7. Be2 {[%clk 1:31:00]} Qc7 {[%clk 1:26:00]} 8.
O-O {[%clk 1:31:00]} Nf6 {[%clk 1:26:00]} 9. Bf3 {[%clk 1:31:00]} d6 {[%clk
1:25:00]} 10. Re1 {[%clk 1:31:00]} Be7 {[%clk 1:23:00]} 11. a4 {[%clk 1:29:00]}
bxa4 {[%clk 1:18:00]} 12. Nxa4 {[%clk 1:29:00]} Nbd7 {[%clk 1:17:00]} 13. Bd2
{[%clk 1:27:00]} O-O {[%clk 1:11:00]} 14. Nb3 {[%clk 1:24:00]} Rac8 {[%clk
1:06:00]} 15. Bc3 {[%clk 1:23:00]} Qb8 {[%clk 1:02:00]} 16. g3 {[%clk 1:22:00]}
Qa8 {[%clk 0:58:00]} 17. Qe2 {[%clk 1:22:00]} Bd8 {[%clk 0:44:00]} 18. Na5 {[%clk
1:21:00]} Bxa5 {[%clk 0:39:00]} 19. Bxa5 {[%clk 1:18:00]} Ne5 {[%clk 0:33:00]}
20. Bg2 {[%clk 1:19:00]} Rc6 {[%clk 0:28:00]} 21. Nc3 {[%clk 1:18:00]} Qa7 {[%clk
0:26:00]} 22. Bb4 {[%clk 1:14:00]} Qb6 {[%clk 0:24:00]} 23. Ba3 {[%clk 1:14:00]}
Nc4 {[%clk 0:23:00]} 24. Bxd6 {[%clk 1:12:00]} Rxd6 {[%clk 0:21:00]} 25. Qxc4
{[%clk 1:13:00]} Rd2 {[%clk 0:19:05]} 26. Re2 {[%clk 1:10:00]} Rxe2 {[%clk
0:18:31]} 27. Qxe2 {[%clk 1:10:00]} Qxb2 {[%clk 0:18:00]} 28. Rb1 {[%clk
1:09:00]} Qxc3 {[%clk 0:18:29]} 29. Rxb7 {[%clk 1:10:00]} e5 {[%clk 0:18:17]} 30.
Ra7 {[%clk 1:10:00]} a5 {[%clk 0:17:52]} 31. h3 {[%clk 1:08:00]} h6 {[%clk
0:16:40]} 32. Qd3 {[%clk 1:06:00]} Qc5 {[%clk 0:13:14]} 33. Rb7 {[%clk 1:04:00]}
Rc8 {[%clk 0:11:36]} 34. Qb3 {[%clk 1:04:00]} Qc4 {[%clk 0:10:58]} 35. Rb8 {[%clk
1:03:00]} Qc7 {[%clk 0:10:46]} 36. Rxc8+ {[%clk 1:02:00]} Qxc8 {[%clk 0:11:15]}
37. Qa4 {[%clk 0:59:00]} Qc5 {[%clk 0:10:39]} 38. Bf3 {[%clk 0:59:00]} Qc3 {[%clk
0:08:58]} 39. Kg2 {[%clk 0:59:00]} Qc5 {[%clk 0:04:29]} 40. Be2 {[%clk 0:58:00]}
Qb4 {[%clk 0:02:27]} 41. Qxb4 {[%clk 0:57:00]} axb4 {[%clk 0:02:56]} 42. Kf3
{[%clk 0:57:00]} Kf8 {[%clk 0:03:25]} 43. Bb5 {[%clk 0:57:00]} Ke7 {[%clk
0:03:22]} 44. Ke3 {[%clk 0:57:00]} Kd6 {[%clk 0:02:53]} 45. Bc4 {[%clk 0:58:00]}
Ke7 {[%clk 0:03:11]} 46. Kd3 {[%clk 0:58:00]} Nd7 {[%clk 0:03:28]} 47. Bd5 {[%clk
0:58:00]} Nb6 {[%clk 0:03:52]} 48. Bb3 {[%clk 0:56:00]} f6 {[%clk 0:03:11]} 49.
Ke3 {[%clk 0:56:00]} Nd7 {[%clk 0:02:47]} 50. Kf3 {[%clk 0:56:00]} Nc5 {[%clk
0:02:16]} 51. Bd5 {[%clk 0:55:00]} g6 {[%clk 0:02:00]} 52. h4 {[%clk 0:55:00]}
Nd7 {[%clk 0:00:42]} 53. h5 {[%clk 0:54:00]} gxh5 {[%clk 0:00:43]} 54. Kg2 {[%clk
0:55:00]} Kf8 {[%clk 0:00:33]} 55. Kh3 {[%clk 0:55:00]} Kg7 {[%clk 0:00:35]} 56.
Kh4 {[%clk 0:55:00]} Kg6 {[%clk 0:00:35]} 57. Bc6 {[%clk 0:54:00]} Nc5 {[%clk
0:01:03]} 58. f4 {[%clk 0:54:00]} exf4 {[%clk 0:01:22]} 59. gxf4 {[%clk 0:54:00]}
b3 {[%clk 0:01:49]} 60. cxb3 {[%clk 0:54:00]} Nxb3 {[%clk 0:02:18]} 61. Be8+
{[%clk 0:54:00]} Kg7 {[%clk 0:02:47]} 62. Kxh5 {[%clk 0:54:00]} Nc5 {[%clk
0:03:02]} 63. Bc6 {[%clk 0:54:00]} f5 {[%clk 0:03:02]} 1/2-1/2

[Event "Campeonato España Sub 14"]
[Site "Salobreña"]
[Date "2017.07.18"]
[Round "3"]
[White "Gonzalez Guedes, Iyan"]
[Black "Prado Lobo, Jonas"]
[Result "1/2-1/2"]
[Board "7"]
[WhiteClock "1:30"]
[WhiteElo "1853"]
[WhiteCountry "ESP"]
[WhiteFideId "24524131"]
[WhiteEloChange "5"]
[BlackClock "1:30"]
[BlackElo "2054"]
[BlackCountry "ESP"]
[BlackFideId "32050666"]
[BlackEloChange "-5"]

1. e4 {[%clk 1:30:00]} e6 {[%clk 1:30:00]} 2. d3 {[%clk 1:31:00]} d5 {[%clk
1:31:00]} 3. Nd2 {[%clk 1:31:00]} Nf6 {[%clk 1:31:00]} 4. Ngf3 {[%clk 1:32:00]}
Nc6 {[%clk 1:31:00]} 5. g3 {[%clk 1:32:00]} dxe4 {[%clk 1:32:00]} 6. dxe4 {[%clk
1:32:00]} Bc5 {[%clk 1:32:00]} 7. Bg2 {[%clk 1:32:00]} e5 {[%clk 1:32:00]} 8. O-O
{[%clk 1:31:00]} O-O {[%clk 1:33:00]} 9. c3 {[%clk 1:30:00]} a5 {[%clk 1:32:00]}
10. Qe2 {[%clk 1:29:00]} Qe7 {[%clk 1:31:00]} 11. Nc4 {[%clk 1:22:00]} b6 {[%clk
1:27:00]} 12. Be3 {[%clk 1:07:00]} Ba6 {[%clk 1:26:00]} 13. Nfd2 {[%clk 1:06:00]}
b5 {[%clk 1:21:00]} 14. Bxc5 {[%clk 1:06:00]} Qxc5 {[%clk 1:21:00]} 15. Qe3
{[%clk 1:05:00]} Qe7 {[%clk 1:09:00]} 16. Na3 {[%clk 1:05:00]} Rfd8 {[%clk
0:56:00]} 17. Rfd1 {[%clk 1:00:00]} b4 {[%clk 0:48:00]} 18. Nac4 {[%clk 0:58:00]}
Qe6 {[%clk 0:37:00]} 19. Bf1 {[%clk 0:52:00]} Nd7 {[%clk 0:31:00]} 20. f4 {[%clk
0:50:00]} exf4 {[%clk 0:26:00]} 21. gxf4 {[%clk 0:50:00]} f5 {[%clk 0:20:00]} 22.
Rac1 {[%clk 0:36:00]} Nf6 {[%clk 0:16:44]} 23. cxb4 {[%clk 0:28:00]} axb4 {[%clk
0:13:20]} 24. exf5 {[%clk 0:22:00]} Qxf5 {[%clk 0:10:19]} 25. Bg2 {[%clk
0:21:00]} Re8 {[%clk 0:08:47]} 26. Qf2 {[%clk 0:19:14]} Ng4 {[%clk 0:08:33]} 27.
Qf3 {[%clk 0:18:41]} Qc5+ {[%clk 0:07:29]} 28. Ne3 {[%clk 0:16:57]} Qxe3+ {[%clk
0:07:52]} 29. Qxe3 {[%clk 0:17:23]} Nxe3 {[%clk 0:08:21]} 30. Bxc6 {[%clk
0:17:43]} Nxd1 {[%clk 0:08:20]} 31. Rxd1 {[%clk 0:16:16]} Rad8 {[%clk 0:08:20]}
32. Bxe8 {[%clk 0:16:16]} Rxe8 {[%clk 0:08:20]} 33. Nf3 {[%clk 0:16:16]} Be2
{[%clk 0:08:20]} 34. Re1 {[%clk 0:16:16]} Kf8 {[%clk 0:08:20]} 35. Kf2 {[%clk
0:16:16]} Bc4 {[%clk 0:08:20]} 36. Rxe8+ {[%clk 0:16:16]} Kxe8 {[%clk 0:08:20]}
37. a3 {[%clk 0:16:16]} bxa3 {[%clk 0:08:20]} 38. bxa3 {[%clk 0:16:16]} Ke7
{[%clk 0:08:20]} 39. Ke3 {[%clk 0:16:16]} Kd6 {[%clk 0:08:20]} 40. Kd4 {[%clk
0:16:16]} Bd5 {[%clk 0:08:20]} 41. Ne5 {[%clk 0:16:16]} c5+ {[%clk 0:08:20]} 42.
Kc3 {[%clk 0:16:16]} g5 {[%clk 0:08:20]} 43. Nd3 {[%clk 0:16:16]} c4 {[%clk
0:08:20]} 44. Ne5 {[%clk 0:16:16]} gxf4 {[%clk 0:08:20]} 45. Nxc4+ {[%clk
0:16:16]} Kc5 {[%clk 0:08:20]} 46. Nd2 {[%clk 0:16:16]} Kb5 {[%clk 0:08:20]} 47.
Kd4 {[%clk 0:16:16]} Bg2 {[%clk 0:08:20]} 48. Ne4 {[%clk 0:16:16]} Ka4 {[%clk
0:08:20]} 1/2-1/2

[Event "Campeonato España Sub 14"]
[Site "Salobreña"]
[Date "2017.07.18"]
[Round "3"]
[White "Diaz Mino, Pablo"]
[Black "Clemente Chen, Alfredo"]
[Result "1-0"]
[Board "8"]
[WhiteClock "1:29"]
[WhiteElo "2047"]
[WhiteCountry "ESP"]
[WhiteFideId "24520470"]
[WhiteEloChange "4"]
[BlackClock "1:30"]
[BlackElo "1809"]
[BlackCountry "ESP"]
[BlackFideId "32066023"]
[BlackEloChange "-4"]

1. d4 {[%clk 1:30:00]} Nf6 {[%clk 1:30:00]} 2. c4 {[%clk 1:30:00]} e6 {[%clk
1:31:00]} 3. Nc3 {[%clk 1:30:00]} Bb4 {[%clk 1:31:00]} 4. e3 {[%clk 1:30:00]} b6
{[%clk 1:31:00]} 5. Ne2 {[%clk 1:30:00]} Bb7 {[%clk 1:30:00]} 6. a3 {[%clk
1:30:00]} Be7 {[%clk 1:30:00]} 7. Ng3 {[%clk 1:28:00]} d5 {[%clk 1:25:00]} 8.
cxd5 {[%clk 1:27:00]} exd5 {[%clk 1:25:00]} 9. Bd3 {[%clk 1:26:00]} O-O {[%clk
1:24:00]} 10. O-O {[%clk 1:26:00]} Re8 {[%clk 1:22:00]} 11. b4 {[%clk 1:25:00]}
a6 {[%clk 1:09:00]} 12. Bb2 {[%clk 1:24:00]} Nbd7 {[%clk 1:08:00]} 13. Nce2
{[%clk 1:23:00]} Ne4 {[%clk 1:05:00]} 14. f3 {[%clk 1:18:00]} Nxg3 {[%clk
0:58:00]} 15. Nxg3 {[%clk 1:18:00]} Bd6 {[%clk 0:58:00]} 16. Nf5 {[%clk 1:15:00]}
Bf8 {[%clk 0:59:00]} 17. Re1 {[%clk 1:11:00]} Nf6 {[%clk 0:51:00]} 18. Rc1 {[%clk
1:10:00]} g6 {[%clk 0:41:00]} 19. Ng3 {[%clk 1:10:00]} Bh6 {[%clk 0:42:00]} 20.
Nf1 {[%clk 1:08:00]} Re6 {[%clk 0:36:00]} 21. Qc2 {[%clk 1:04:00]} Rc8 {[%clk
0:36:00]} 22. Qe2 {[%clk 1:00:00]} Ne8 {[%clk 0:25:00]} 23. Bxa6 {[%clk 0:54:00]}
Bxa6 {[%clk 0:25:00]} 24. Qxa6 {[%clk 0:54:00]} Nd6 {[%clk 0:26:00]} 25. Qd3
{[%clk 0:52:00]} Nc4 {[%clk 0:26:00]} 26. Rxc4 {[%clk 0:52:00]} dxc4 {[%clk
0:26:00]} 27. Qxc4 {[%clk 0:52:00]} c5 {[%clk 0:20:00]} 28. d5 {[%clk 0:46:00]}
cxb4 {[%clk 0:15:24]} 29. Qd4 {[%clk 0:45:00]} Rf6 {[%clk 0:14:19]} 30. Qxf6
{[%clk 0:46:00]} Qxf6 {[%clk 0:14:40]} 31. Bxf6 {[%clk 0:46:00]} bxa3 {[%clk
0:14:23]} 32. d6 {[%clk 0:45:00]} a2 {[%clk 0:14:33]} 33. d7 {[%clk 0:45:00]} 1-0

[Event "Campeonato España Sub 14"]
[Site "Salobreña"]
[Date "2017.07.18"]
[Round "3"]
[White "Svyatoslav, Vorobyev"]
[Black "Guillo Longares, Cecilia"]
[Result "1/2-1/2"]
[Board "9"]
[WhiteClock "1:30"]
[WhiteElo "1771"]
[WhiteCountry "ESP"]
[WhiteFideId "24561142"]
[WhiteEloChange "6"]
[BlackClock "1:30"]
[BlackElo "1997"]
[BlackCountry "ESP"]
[BlackFideId "32082681"]
[BlackEloChange "-6"]

1. e4 {[%clk 1:30:00]} c5 {[%clk 1:30:00]} 2. Nf3 {[%clk 1:31:00]} Nc6 {[%clk
1:31:00]} 3. d4 {[%clk 1:31:00]} cxd4 {[%clk 1:31:00]} 4. Nxd4 {[%clk 1:32:00]}
e6 {[%clk 1:31:00]} 5. Nc3 {[%clk 1:31:00]} Qc7 {[%clk 1:32:00]} 6. Be2 {[%clk
1:31:00]} a6 {[%clk 1:32:00]} 7. O-O {[%clk 1:32:00]} Nf6 {[%clk 1:32:00]} 8. Be3
{[%clk 1:32:00]} Bb4 {[%clk 1:32:00]} 9. Nxc6 {[%clk 1:26:00]} bxc6 {[%clk
1:33:00]} 10. Na4 {[%clk 1:23:00]} O-O {[%clk 1:31:00]} 11. Qd4 {[%clk 1:18:00]}
Rb8 {[%clk 1:25:00]} 12. c4 {[%clk 1:14:00]} Bd6 {[%clk 1:23:00]} 13. g3 {[%clk
1:09:00]} Be5 {[%clk 1:18:00]} 14. Qd3 {[%clk 1:06:00]} d5 {[%clk 1:14:00]} 15.
exd5 {[%clk 1:03:00]} cxd5 {[%clk 1:13:00]} 16. f4 {[%clk 0:54:00]} Bd6 {[%clk
1:08:00]} 17. Rac1 {[%clk 0:38:00]} Qa5 {[%clk 1:04:00]} 18. b3 {[%clk 0:36:00]}
Bd7 {[%clk 0:58:00]} 19. c5 {[%clk 0:25:00]} Bb5 {[%clk 0:55:00]} 20. Qc3 {[%clk
0:23:00]} Bc7 {[%clk 0:48:00]} 21. Qxa5 {[%clk 0:17:20]} Bxa5 {[%clk 0:49:00]}
22. Bxb5 {[%clk 0:17:15]} axb5 {[%clk 0:43:00]} 23. Nb2 {[%clk 0:09:06]} Ne4
{[%clk 0:35:00]} 24. Nd3 {[%clk 0:08:10]} Ra8 {[%clk 0:32:00]} 25. Rc2 {[%clk
0:04:52]} Rfc8 {[%clk 0:27:00]} 26. Rfc1 {[%clk 0:04:29]} d4 {[%clk 0:26:00]} 27.
Bf2 {[%clk 0:01:52]} Bc3 {[%clk 0:25:00]} 28. Be1 {[%clk 0:01:01]} Nxc5 {[%clk
0:22:00]} 29. Nxc5 {[%clk 0:00:52]} Rxc5 {[%clk 0:22:00]} 30. Bxc3 {[%clk
0:01:15]} Rac8 {[%clk 0:22:00]} 31. a4 {[%clk 0:00:33]} b4 {[%clk 0:20:00]} 32.
Kf2 {[%clk 0:00:32]} Rxc3 {[%clk 0:20:00]} 33. Rxc3 {[%clk 0:00:58]} dxc3 {[%clk
0:19:40]} 34. Rc2 {[%clk 0:01:08]} Kf8 {[%clk 0:19:58]} 35. Ke3 {[%clk 0:01:24]}
Rd8 {[%clk 0:19:18]} 36. a5 {[%clk 0:00:56]} Ke7 {[%clk 0:18:58]} 37. a6 {[%clk
0:01:09]} Kd6 {[%clk 0:19:08]} 38. Kd4 {[%clk 0:00:58]} Rc8 {[%clk 0:15:13]} 39.
a7 {[%clk 0:01:05]} f6 {[%clk 0:11:47]} 40. Ra2 {[%clk 0:01:01]} e5+ {[%clk
0:11:05]} 41. fxe5+ {[%clk 0:01:19]} fxe5+ {[%clk 0:11:28]} 42. Kd3 {[%clk
0:01:27]} Ra8 {[%clk 0:06:17]} 43. Kc4 {[%clk 0:01:36]} c2 {[%clk 0:05:04]} 44.
Rxc2 {[%clk 0:02:00]} Rxa7 {[%clk 0:05:28]} 45. Rd2+ {[%clk 0:02:15]} Ke6 {[%clk
0:01:33]} 46. Kxb4 {[%clk 0:02:35]} e4 {[%clk 0:01:45]} 47. Kc5 {[%clk 0:01:51]}
Rb7 {[%clk 0:01:25]} 48. Kd4 {[%clk 0:01:23]} Rxb3 {[%clk 0:01:18]} 49. Kxe4
{[%clk 0:01:46]} Rb7 {[%clk 0:01:18]} 1/2-1/2

[Event "Campeonato España Sub 14"]
[Site "Salobreña"]
[Date "2017.07.18"]
[Round "3"]
[White "Cespedes Llaverias, Llibert"]
[Black "Bermudez Revuelta, Paula"]
[Result "1/2-1/2"]
[Board "10"]
[WhiteClock "1:30"]
[WhiteElo "1996"]
[WhiteCountry "ESP"]
[WhiteFideId "32065949"]
[WhiteEloChange "-6"]
[BlackClock "1:30"]
[BlackElo "1752"]
[BlackCountry "ESP"]
[BlackFideId "32073623"]
[BlackEloChange "6"]

1. e4 {[%clk 1:30:00]} c5 {[%clk 1:30:00]} 2. Nf3 {[%clk 1:31:00]} d6 {[%clk
1:31:00]} 3. Bb5+ {[%clk 1:31:00]} Bd7 {[%clk 1:31:00]} 4. Bxd7+ {[%clk 1:32:00]}
Qxd7 {[%clk 1:32:00]} 5. O-O {[%clk 1:32:00]} Nf6 {[%clk 1:32:00]} 6. Qe2 {[%clk
1:32:00]} Nc6 {[%clk 1:32:00]} 7. Rd1 {[%clk 1:32:00]} g5 {[%clk 1:32:00]} 8. c3
{[%clk 1:30:00]} g4 {[%clk 1:32:00]} 9. Ne1 {[%clk 1:29:00]} Qe6 {[%clk 1:31:00]}
10. d3 {[%clk 1:22:00]} O-O-O {[%clk 1:22:00]} 11. Bg5 {[%clk 0:47:00]} Rg8
{[%clk 1:22:00]} 12. Bh4 {[%clk 0:44:00]} Bh6 {[%clk 1:21:00]} 13. Bg3 {[%clk
0:35:00]} Nh5 {[%clk 1:13:00]} 14. d4 {[%clk 0:31:00]} cxd4 {[%clk 1:10:00]} 15.
cxd4 {[%clk 0:31:00]} d5 {[%clk 1:07:00]} 16. Nc3 {[%clk 0:28:00]} Nxg3 {[%clk
0:55:00]} 17. hxg3 {[%clk 0:28:00]} f5 {[%clk 0:46:00]} 18. exf5 {[%clk 0:22:00]}
Qxe2 {[%clk 0:41:00]} 19. Nxe2 {[%clk 0:22:00]} Rdf8 {[%clk 0:42:00]} 20. Nd3
{[%clk 0:22:00]} Rxf5 {[%clk 0:41:00]} 21. Ndf4 {[%clk 0:22:00]} Kd7 {[%clk
0:34:00]} 22. Rd3 {[%clk 0:20:00]} Rc8 {[%clk 0:30:00]} 23. Rc3 {[%clk 0:18:53]}
Bg7 {[%clk 0:27:00]} 24. Rd1 {[%clk 0:18:26]} Kd6 {[%clk 0:19:31]} 25. Kf1 {[%clk
0:13:52]} Rcf8 {[%clk 0:17:28]} 26. Kg1 {[%clk 0:13:37]} h5 {[%clk 0:17:20]} 27.
Re3 {[%clk 0:11:51]} R8f6 {[%clk 0:15:36]} 28. Rdd3 {[%clk 0:09:38]} Bh6 {[%clk
0:14:17]} 29. Rd1 {[%clk 0:08:44]} h4 {[%clk 0:12:43]} 30. Rdd3 {[%clk 0:07:35]}
hxg3 {[%clk 0:12:53]} 31. fxg3 {[%clk 0:07:58]} Na5 {[%clk 0:09:30]} 32. b3
{[%clk 0:07:53]} Nc6 {[%clk 0:09:52]} 33. a3 {[%clk 0:07:53]} 1/2-1/2

[Event "Campeonato España Sub 14"]
[Site "Salobreña"]
[Date "2017.07.18"]
[Round "3"]
[White "Pedchenko, Alex"]
[Black "Ingunza Curro, Andres"]
[Result "1/2-1/2"]
[Board "11"]
[WhiteClock "n/a"]
[WhiteElo "1746"]
[WhiteCountry "ESP"]
[WhiteFideId "24522732"]
[WhiteEloChange "6"]
[BlackClock "n/a"]
[BlackElo "1992"]
[BlackCountry "ESP"]
[BlackFideId "24526371"]
[BlackEloChange "-6"]

1. d4 {[%clk 1:30:30]} Nf6 {[%clk 1:30:30]} 2. Nf3 {[%clk 1:30:30]} e6 {[%clk
1:30:30]} 3. g3 {[%clk 1:30:30]} Be7 {[%clk 1:30:30]} 4. Bg2 {[%clk 1:30:30]} d5
{[%clk 1:30:30]} 5. O-O {[%clk 1:30:30]} O-O {[%clk 1:30:30]} 6. c4 {[%clk
1:30:30]} dxc4 {[%clk 1:30:30]} 7. Ne5 {[%clk 1:30:30]} Nc6 {[%clk 1:30:30]} 8.
Bxc6 {[%clk 1:30:30]} bxc6 {[%clk 1:30:30]} 9. Nxc6 {[%clk 1:30:30]} Qe8 {[%clk
1:30:30]} 10. Nxe7+ {[%clk 1:30:30]} Qxe7 {[%clk 1:30:30]} 11. Nc3 {[%clk
1:30:30]} c5 {[%clk 1:30:30]} 12. dxc5 {[%clk 1:30:30]} Qxc5 {[%clk 1:30:30]} 13.
Be3 {[%clk 1:30:30]} Qc6 {[%clk 1:30:30]} 14. Qa4 {[%clk 1:30:30]} Bb7 {[%clk
1:30:30]} 15. Qxc6 {[%clk 1:30:30]} Bxc6 {[%clk 1:30:30]} 16. Rad1 {[%clk
1:30:30]} Bd5 {[%clk 1:30:30]} 17. Bg5 {[%clk 1:30:30]} Rab8 {[%clk 1:30:30]} 18.
Bxf6 {[%clk 1:30:30]} gxf6 {[%clk 1:30:30]} 19. Rd2 {[%clk 1:30:30]} Rb7 {[%clk
1:30:30]} 20. Nxd5 {[%clk 1:30:30]} exd5 {[%clk 1:30:30]} 21. Rc1 {[%clk
1:30:30]} Rc8 {[%clk 1:30:30]} 22. b3 {[%clk 1:30:30]} Rb5 {[%clk 1:30:30]} 23.
e4 {[%clk 1:30:30]} dxe4 {[%clk 1:30:30]} 24. Rxc4 {[%clk 1:30:30]} Rxc4 {[%clk
1:30:30]} 25. bxc4 {[%clk 1:30:30]} Ra5 {[%clk 1:30:30]} 26. Rc2 {[%clk 1:30:30]}
Rc5 {[%clk 1:30:30]} 27. Kf1 {[%clk 1:30:30]} Kf8 {[%clk 1:30:30]} 28. Ke2 {[%clk
1:30:30]} Ke7 {[%clk 1:30:30]} 29. Ke3 {[%clk 1:30:30]} f5 {[%clk 1:30:30]} 30.
Rc3 {[%clk 1:30:30]} Kd6 {[%clk 1:30:30]} 31. Kd4 {[%clk 1:30:30]} 1/2-1/2

[Event "Campeonato España Sub 14"]
[Site "Salobreña"]
[Date "2017.07.18"]
[Round "3"]
[White "Aledo Yanguas, David"]
[Black "Lagunas Gualda, Guillermo"]
[Result "1/2-1/2"]
[Board "12"]
[WhiteClock "1:30"]
[WhiteElo "1992"]
[WhiteCountry "ESP"]
[WhiteFideId "22287108"]
[WhiteEloChange "-7"]
[BlackClock "1:30"]
[BlackElo "1685"]
[BlackCountry "ESP"]
[BlackFideId "24515949"]
[BlackEloChange "7"]

1. e4 {[%clk 1:30:00]} g6 {[%clk 1:30:00]} 2. d4 {[%clk 1:31:00]} Bg7 {[%clk
1:31:00]} 3. Nc3 {[%clk 1:31:00]} d6 {[%clk 1:31:00]} 4. f4 {[%clk 1:31:00]} Nf6
{[%clk 1:24:00]} 5. Nf3 {[%clk 1:31:00]} O-O {[%clk 1:22:00]} 6. Bd3 {[%clk
1:31:00]} c5 {[%clk 1:22:00]} 7. dxc5 {[%clk 1:30:00]} dxc5 {[%clk 1:22:00]} 8.
Be3 {[%clk 1:30:00]} b6 {[%clk 1:14:00]} 9. O-O {[%clk 1:25:00]} Ng4 {[%clk
1:12:00]} 10. Qe2 {[%clk 1:22:00]} Nxe3 {[%clk 1:12:00]} 11. Qxe3 {[%clk
1:20:00]} Bd4 {[%clk 1:12:00]} 12. Nxd4 {[%clk 1:20:00]} cxd4 {[%clk 1:12:00]}
13. Qf3 {[%clk 1:20:00]} dxc3 {[%clk 1:13:00]} 14. e5 {[%clk 1:20:00]} cxb2
{[%clk 0:55:00]} 15. Rab1 {[%clk 1:19:00]} Qd4+ {[%clk 0:54:00]} 16. Kh1 {[%clk
1:19:00]} Nc6 {[%clk 0:51:00]} 17. Qxc6 {[%clk 1:20:00]} Be6 {[%clk 0:47:00]} 18.
Qb5 {[%clk 1:12:00]} Bxa2 {[%clk 0:39:00]} 19. Rxb2 {[%clk 1:11:00]} Be6 {[%clk
0:38:00]} 20. f5 {[%clk 1:10:00]} Bxf5 {[%clk 0:33:00]} 21. Bxf5 {[%clk 1:10:00]}
gxf5 {[%clk 0:34:00]} 22. Rxf5 {[%clk 1:08:00]} Rad8 {[%clk 0:32:00]} 23. h3
{[%clk 1:04:00]} Rd5 {[%clk 0:30:00]} 24. Qb3 {[%clk 1:02:00]} Kh8 {[%clk
0:29:00]} 25. Rb1 {[%clk 1:00:00]} Rxe5 {[%clk 0:27:00]} 26. Rxf7 {[%clk
1:00:00]} Rg8 {[%clk 0:22:00]} 27. Rbf1 {[%clk 0:58:00]} Qe4 {[%clk 0:18:40]} 28.
R7f3 {[%clk 0:58:00]} Reg5 {[%clk 0:17:25]} 29. R1f2 {[%clk 0:56:00]} Qd5 {[%clk
0:15:49]} 30. Qa3 {[%clk 0:55:00]} Qd1+ {[%clk 0:14:18]} 31. Rf1 {[%clk 0:53:00]}
Qxc2 {[%clk 0:14:35]} 32. Qa1+ {[%clk 0:53:00]} e5 {[%clk 0:14:23]} 33. R1f2
{[%clk 0:52:00]} Qc6 {[%clk 0:14:15]} 34. Rf7 {[%clk 0:44:00]} Qg6 {[%clk
0:12:10]} 35. Rxa7 {[%clk 0:43:00]} Qe4 {[%clk 0:12:02]} 36. Qb2 {[%clk 0:41:00]}
Rg3 {[%clk 0:09:58]} 37. Kh2 {[%clk 0:41:00]} Qd4 {[%clk 0:08:42]} 38. Qe2 {[%clk
0:39:00]} R3g7 {[%clk 0:08:42]} 1/2-1/2

[Event "Campeonato España Sub 14"]
[Site "Salobreña"]
[Date "2017.07.18"]
[Round "3"]
[White "Arjol Lopez, Daniel"]
[Black "Huerta Llorens, Arnau"]
[Result "1-0"]
[Board "13"]
[WhiteClock "1:30"]
[WhiteElo "1990"]
[WhiteCountry "ESP"]
[WhiteFideId "32099398"]
[WhiteEloChange "2"]
[BlackClock "1:30"]
[BlackElo "1612"]
[BlackCountry "ESP"]
[BlackFideId "32086865"]
[BlackEloChange "-2"]

1. e4 {[%clk 1:30:00]} e5 {[%clk 1:30:00]} 2. Nf3 {[%clk 1:31:00]} Nc6 {[%clk
1:31:00]} 3. Nc3 {[%clk 1:31:00]} Nf6 {[%clk 1:30:00]} 4. d4 {[%clk 1:32:00]}
exd4 {[%clk 1:28:00]} 5. Nxd4 {[%clk 1:32:00]} Bc5 {[%clk 1:25:00]} 6. Be3 {[%clk
1:32:00]} Bb6 {[%clk 1:20:00]} 7. Be2 {[%clk 1:32:00]} d6 {[%clk 1:17:00]} 8. O-O
{[%clk 1:32:00]} O-O {[%clk 1:17:00]} 9. Nxc6 {[%clk 1:30:00]} bxc6 {[%clk
1:17:00]} 10. Bxb6 {[%clk 1:30:00]} cxb6 {[%clk 1:14:00]} 11. f4 {[%clk 1:31:00]}
Bb7 {[%clk 1:08:00]} 12. Bf3 {[%clk 1:31:00]} d5 {[%clk 1:03:00]} 13. e5 {[%clk
1:28:00]} Nd7 {[%clk 1:00:00]} 14. Bg4 {[%clk 1:27:00]} Nc5 {[%clk 0:55:00]} 15.
Qe1 {[%clk 1:22:00]} f5 {[%clk 0:50:00]} 16. Bh3 {[%clk 1:20:00]} Ne6 {[%clk
0:48:00]} 17. Rd1 {[%clk 1:18:00]} Qe7 {[%clk 0:45:00]} 18. Rd2 {[%clk 1:01:00]}
Qc5+ {[%clk 0:42:00]} 19. Qf2 {[%clk 1:01:00]} Nxf4 {[%clk 0:41:00]} 20. Qxc5
{[%clk 1:00:00]} Nxh3+ {[%clk 0:42:00]} 21. gxh3 {[%clk 1:00:00]} bxc5 {[%clk
0:42:00]} 22. Na4 {[%clk 1:01:00]} c4 {[%clk 0:41:00]} 23. Nc5 {[%clk 1:01:00]}
Bc8 {[%clk 0:40:00]} 24. a4 {[%clk 1:01:00]} g6 {[%clk 0:35:00]} 25. h4 {[%clk
1:00:00]} Re8 {[%clk 0:34:00]} 26. Re1 {[%clk 1:01:00]} Be6 {[%clk 0:30:00]} 27.
Kf2 {[%clk 1:00:00]} Re7 {[%clk 0:27:00]} 28. Ke3 {[%clk 1:00:00]} Rb8 {[%clk
0:26:00]} 29. c3 {[%clk 1:00:00]} Rb6 {[%clk 0:25:00]} 30. Kf4 {[%clk 1:01:00]}
Kg7 {[%clk 0:22:00]} 31. h5 {[%clk 1:00:00]} Kh6 {[%clk 0:18:50]} 32. hxg6 {[%clk
0:59:00]} hxg6 {[%clk 0:19:17]} 33. Rg1 {[%clk 0:59:00]} Bf7 {[%clk 0:18:39]} 34.
e6 {[%clk 0:57:00]} Be8 {[%clk 0:14:48]} 35. Ke5 {[%clk 0:57:00]} Kg7 {[%clk
0:14:49]} 36. h4 {[%clk 0:55:00]} Kh6 {[%clk 0:11:57]} 37. Rg5 {[%clk 0:54:00]}
Rb8 {[%clk 0:10:39]} 38. Rdg2 {[%clk 0:54:00]} Rg7 {[%clk 0:10:02]} 39. h5 {[%clk
0:53:00]} Rd8 {[%clk 0:07:21]} 40. Kf6 {[%clk 0:52:00]} Kh7 {[%clk 0:07:01]} 41.
e7 {[%clk 0:49:00]} Rc8 {[%clk 0:06:17]} 42. hxg6+ {[%clk 0:49:00]} Kg8 {[%clk
0:05:03]} 43. Ne6 {[%clk 0:49:00]} Rxg6+ {[%clk 0:04:53]} 44. Rxg6+ {[%clk
0:49:00]} Bxg6 {[%clk 0:05:17]} 45. Rxg6+ {[%clk 0:50:00]} Kh8 {[%clk 0:05:42]}
46. Kf7 {[%clk 0:50:00]} Kh7 {[%clk 0:05:27]} 47. Ng5+ {[%clk 0:50:00]} 1-0